<?xml version="1.0" encoding="UTF-8"?>
<collection xmlns="http://www.loc.gov/MARC21/slim">
 <record>
  <leader>03254nam a22002531a 4500</leader>
  <controlfield tag="001">1/27017</controlfield>
  <controlfield tag="008">      s2002    lu     f      00010 gre d</controlfield>
  <datafield tag="022" ind1="0" ind2=" ">
   <subfield code="a">0254-1483</subfield>
  </datafield>
  <datafield tag="022" ind1="0" ind2=" ">
   <subfield code="a">0254-1475</subfield>
  </datafield>
  <datafield tag="028" ind1="3" ind2="1">
   <subfield code="a">KT-CO-02-603-GR-C</subfield>
  </datafield>
  <datafield tag="028" ind1="3" ind2="1">
   <subfield code="a">KT-CO-02-603-EN-C</subfield>
  </datafield>
  <datafield tag="028" ind1="3" ind2="1">
   <subfield code="a">2002/0255 (ACC)</subfield>
  </datafield>
  <datafield tag="028" ind1="3" ind2="1">
   <subfield code="a">2002/0256 (ACC)</subfield>
  </datafield>
  <datafield tag="035" ind1=" " ind2=" ">
   <subfield code="l">28873</subfield>
  </datafield>
  <datafield tag="040" ind1=" " ind2=" ">
   <subfield code="a">GR-PeUP</subfield>
  </datafield>
  <datafield tag="084" ind1=" " ind2=" ">
   <subfield code="2">KET</subfield>
   <subfield code="a">COM (2002) 588 τελικό</subfield>
  </datafield>
  <datafield tag="110" ind1="2" ind2=" ">
   <subfield code="a">Επιτροπή των Ευρωπαϊκών Κοινοτήτων.</subfield>
  </datafield>
  <datafield tag="245" ind1="1" ind2="0">
   <subfield code="a">Πρόταση απόφασης του Συμβουλίου για την υπογραφή, εξ ονόματος της Κοινότητας, πρόσθετου πρωτοκόλλου της ευρωπαϊκής συμφωνίας για την εγκαθίδρυση σύνδεσης μεταξύ των Ευρωπαϊκών Κοινοτήτων και των κρατών μελών τους, αφενός, και της Σλοβακικής Δημοκρατίας, αφετέρου, σχετικά με τη διαπίστωση της συμμόρφωσης και την αποδοχή βιομηχανικών προϊόντων. Πρόταση απόφασης του Συμβουλίου για τη σύναψη πρόσθετου πρωτοκόλλου της ευρωπαϊκής συμφωνίας για την εγκαθίδρυση σύνδεσης μεταξύ των Ευρωπαϊκών Κοινοτήτων και των κρατών μελών τους, αφενός, και της Σλοβακικής Δημοκρατίας, αφετέρου, σχετικά με τη διαπίστωση της συμμόρφωσης και την αποδοχή βιομηχανικών προϊόντων ΠΕΣΔΑ:</subfield>
   <subfield code="b">υποβληθείσες από την Επιτροπή/</subfield>
   <subfield code="c">Επιτροπή των Ευρωπαϊκών Κοινοτήτων</subfield>
  </datafield>
  <datafield tag="246" ind1="1" ind2="0">
   <subfield code="a">Proposal for a Council decision on the signature on behalf of the Community of an additional Protocol to the Europe Agreement establishing an Association between the European Communities and their Member States, of the one part, and the Slovak Republic, of the other part, on Conformity Assessment and Acceptance of Industrial Products. Proposal for a Council decision on the conclusion of an additional Protocol to the Europe Agreement establishing an Association between the European Communities and their Member States, of the one part, and the Slovak Republic, of the other part, on Conformity Assessment and Acceptance of Industrial Products PECA:</subfield>
   <subfield code="b">presented by the Commission</subfield>
  </datafield>
  <datafield tag="260" ind1="0" ind2=" ">
   <subfield code="a">Βρυξέλλες, Λουξεμβούργο:</subfield>
   <subfield code="b">Υπηρεσία Επισήμων Εκδόσεων των Ευρωπαϊκών Κοινοτήτων,</subfield>
   <subfield code="c">29.10.2002</subfield>
  </datafield>
  <datafield tag="300" ind1=" " ind2=" ">
   <subfield code="a">59 σελ.</subfield>
  </datafield>
  <datafield tag="852" ind1=" " ind2=" ">
   <subfield code="a">INST</subfield>
   <subfield code="b">UNIPILB</subfield>
   <subfield code="c">KET</subfield>
   <subfield code="e">20050705</subfield>
   <subfield code="h">KET  COM (2002) 588 τελικό</subfield>
   <subfield code="p">COM (2002) 588</subfield>
   <subfield code="q">COM (2002) 588</subfield>
   <subfield code="t">NOLOAN</subfield>
   <subfield code="y">23</subfield>
   <subfield code="4">1</subfield>
  </datafield>
  <datafield tag="856" ind1="7" ind2="8">
   <subfield code="u">https://eur-lex.europa.eu/legal-content/EL/TXT/PDF/?uri=CELEX:52002PC0588(01)&amp;qid=1551682655359&amp;from=EL</subfield>
  </datafield>
  <datafield tag="856" ind1="7" ind2="8">
   <subfield code="u">https://eur-lex.europa.eu/legal-content/EL/TXT/PDF/?uri=CELEX:52002PC0588(02)&amp;qid=1551682655359&amp;from=EL</subfield>
  </datafield>
 </record>
</collection>
